Star wars ships - Statistics

General Stats
  • This quiz has been taken 38 times
    15 since last reset
  • The average score is 6 of 17
Answer Stats
Hint Answer % Correct
Classic 'bird' from the original trilogy The Millenium Falcon
73%
Home to two jedi and a murderous astromech The Ghost
64%
The mandalorian's old ship that gets destroyed The Razor Crest
64%
Piloted by greez in the 'jedi' games The Stinger Mantis
64%
Mini ship attached to above answer Phantom I/Phantom II
55%
General Grievous’s flagships The Invisible Hand
45%
The Malevolence
36%
Ship belonging to the bad batch The Marauder
36%
Stolen zeta-class heavy cargo shuttle Rogue One
27%
KOTOR freight ship piloted by a companion The Ebon Hawk
27%
Smuggler ship owned by dash rendar The Outrider
27%
C-shaped bounty hunter ship belonging to dengar Punishing One
18%
four children and a pirate droid The Onyx Cinder
18%
Jan ors and Kyle katarn's iconic starfighter The Raven's Claw
18%
Blue bounty hunter's ship Xanadu blood
18%
Spice runner Y wing from rise of skywalker Comeuppance
9%
The knights of the ren table The Night Buzzard
9%
No matching quizzes found
Score Distribution
Percent of People with Each Score
Percentile by Number Answered
Your Score History
You have not taken this quiz since the last reset